[Event "Katowice POL-HUN 10th"]
[Site "Katowice"]
[Date "2023.09.10"]
[Round "7"]
[White "Psyk, Radoslaw"]
[Black "Helis, Tadeusz"]
[Result "1-0"]
[WhiteElo "2460"]
[BlackElo "2099"]
[PlyCount "123"]
[EventDate "2023.09.09"]
[EventType "swiss (rapid)"]
[EventRounds "9"]
[EventCountry "POL"]
[SourceTitle "EXT 2024"]
[Source "ChessBase"]
[SourceDate "2023.10.10"]
[SourceVersion "1"]
[SourceVersionDate "2023.10.10"]
[SourceQuality "1"]

1. e4 c5 2. Be2 Nc6 3. d3 Nf6 4. f4 d6 5. Nf3 g6 6. 0-0 Bg7 7. Qe1 0-0 8. Qh4 Bg4 9. Nbd2 Bxf3 10. Nxf3 Nd4 11. Bd1 Rc8 12. c3 Nxf3+ 13. Bxf3 b5 14. a3 a5 15. Bd2 b4 16. axb4 axb4 17. Ra7 bxc3 18. bxc3 e6 19. Rfa1 Rb8 20. Qe1 Re8 21. Qc1 e5 22. fxe5 dxe5 23. Qc2 Re7 24. Be3 Rxa7 25. Rxa7 Rc8 26. Qa2 Qe8 27. Qc4 Bf8 28. Bd1 Bd6 29. Ba4 Qe6 30. Qxe6 fxe6 31. Bg5 Ne8 32. Bd7 Rb8 33. Bxe6+ Kh8 34. Rd7 Bf8 35. Bf7 h6 36. Bd8 Ng7 37. Bxg6 Rc8 38. Bc7 Ne8 39. Bxe5+ Bg7 40. Bxg7+ Nxg7 41. Rd6 h5 42. Bxh5 c4 43. d4 Rb8 44. Bf7 Kh7 45. Bxc4 Rb1+ 46. Kf2 Rc1 47. Rc6 Rc2+ 48. Be2 Nh5 49. g3 Kg7 50. e5 Kf8 51. Ke3 Ng7 52. g4 Ke7 53. Rc7+ Kf8 54. d5 Ne8 55. Rc8 Ke7 56. Bb5 Ng7 57. Rc7+ Kf8 58. e6 Rxh2 59. e7+ Kg8 60. d6 Rb2 61. Bc4+ Kh7 62. e8Q 1-0

[Event "Ustron op-B"]
[Site "Ustron"]
[Date "2022.08.20"]
[Round "9"]
[White "Starosciak, Szymon"]
[Black "Helis, Tadeusz"]
[Result "1-0"]
[WhiteElo "1989"]
[BlackElo "2147"]
[PlyCount "69"]
[EventDate "2022.08.12"]
[EventType "swiss"]
[EventRounds "9"]
[EventCountry "POL"]
[SourceTitle "CBM 209 Extra"]
[Source "ChessBase"]
[SourceDate "2022.09.30"]
[SourceVersion "1"]
[SourceVersionDate "2022.09.30"]
[SourceQuality "1"]

1. e4 c5 2. Nf3 e6 3. d4 cxd4 4. Nxd4 a6 5. Bd3 Bc5 6. Nb3 Ba7 7. 0-0 Nc6 8. Qe2 d6 9. Be3 Bxe3 10. Qxe3 Nf6 11. Rd1 0-0 12. Nc3 b5 13. a4 b4 14. Nb1 e5 15. N1d2 Ne7 16. a5 Ng6 17. Nc4 Bb7 18. Qb6 Bxe4 19. Bxe4 Nxe4 20. f3 Qc8 21. Qxb4 Ng5 22. Nb6 Rb8 23. h4 Ne6 24. c3 Qd8 25. Rxd6 Qxh4 26. Qxh4 Nxh4 27. Rxe6 fxe6 28. Nc5 Rbd8 29. Nc4 Rd5 30. Nxa6 Rfd8 31. Nc7 Rd1+ 32. Rxd1 Rxd1+ 33. Kf2 Rd7 34. Nb5 Rb7 35. a6 1-0

[Event "Zagnansk op"]
[Site "Zagnansk"]
[Date "2022.05.05"]
[Round "8"]
[White "Helis, Tadeusz"]
[Black "Syrkiewicz, Michal"]
[Result "1-0"]
[WhiteElo "2150"]
[BlackElo "2000"]
[PlyCount "69"]
[EventDate "2022.04.29"]
[EventType "swiss"]
[EventRounds "9"]
[EventCountry "POL"]
[SourceTitle "CBM 208 Extra"]
[Source "ChessBase"]
[SourceDate "2022.07.31"]
[SourceVersion "1"]
[SourceVersionDate "2022.07.31"]
[SourceQuality "1"]

1. d4 d5 2. Nf3 Nf6 3. e3 e6 4. Bd3 c5 5. b3 Nc6 6. Bb2 Nb4 7. Be2 Bd6 8. a3 Nc6 9. Nbd2 Qc7 10. 0-0 0-0 11. c4 cxd4 12. exd4 b6 13. Rc1 Bb7 14. b4 dxc4 15. Nxc4 a6 16. Nfe5 Qd8 17. Bf3 Nd5 18. Qb3 Rc8 19. Rfe1 Bb8 20. g3 Nce7 21. Bg2 Nf5 22. Red1 h6 23. a4 Nd6 24. b5 axb5 25. Nxd6 Qxd6 26. axb5 Rxc1 27. Rxc1 Rc8 28. Rxc8+ Bxc8 29. Ba3 Qc7 30. Nc6 Nf6 31. Qb4 Kh7 32. Qf8 Ba7 33. Bd6 Nd7 34. Bxc7 Nxf8 35. Nxa7 1-0

[Event "Zagnansk op"]
[Site "Zagnansk"]
[Date "2022.05.04"]
[Round "7"]
[White "Helis, Tadeusz"]
[Black "Barwinska, Ewa"]
[Result "1/2-1/2"]
[WhiteElo "2150"]
[BlackElo "1825"]
[PlyCount "107"]
[EventDate "2022.04.29"]
[EventType "swiss"]
[EventRounds "9"]
[EventCountry "POL"]
[SourceTitle "CBM 208 Extra"]
[Source "ChessBase"]
[SourceDate "2022.07.31"]
[SourceVersion "1"]
[SourceVersionDate "2022.07.31"]
[SourceQuality "1"]

1. Nf3 c5 2. c4 Nc6 3. g3 Nf6 4. Bg2 e5 5. Nc3 Be7 6. 0-0 0-0 7. Ne1 d6 8. Nc2 Nd4 9. Ne3 Rb8 10. a4 Be6 11. d3 Qd7 12. Ned5 Nxd5 13. Nxd5 f5 14. e3 Nc6 15. f4 Bf6 16. Rb1 Ne7 17. b4 b6 18. Bd2 Rbc8 19. Qb3 Nxd5 20. cxd5 Bf7 21. b5 Rfe8 22. Qc4 Bg6 23. Rb3 h5 24. Ra3 h4 25. gxh4 e4 26. h5 Bxh5 27. dxe4 fxe4 28. Bxe4 Qg4+ 29. Bg2 Bg6 30. h3 Qh5 31. e4 Bd4+ 32. Be3 Bxe4 33. Bxd4 cxd4 34. Qxd4 Bxg2 35. Kxg2 Rc2+ 36. Kh1 Qe2 37. Qg1 Qe4+ 38. Raf3 Qxd5 39. f5 Rf8 40. Qg5 Rd2 41. Kg1 Rd1 42. Qg4 Qc5+ 43. Kg2 Rd4 44. Rf4 Qd5+ 45. Kg3 Rd3+ 46. R1f3 Rd1 47. Kh4 Rf6 48. Rf1 Rd3 49. R1f3 Rh6+ 50. Kg3 Rd1 51. Rf1 Rd3+ 52. R1f3 Rd1 53. Rf1 Rd3+ 54. R1f3 1/2-1/2

[Event "EU-ch Rapid"]
[Site "Katowice"]
[Date "2021.12.18"]
[Round "6"]
[White "Jedrusik, Adam"]
[Black "Helis, Tadeusz"]
[Result "1/2-1/2"]
[WhiteElo "1995"]
[BlackElo "2112"]
[PlyCount "94"]
[EventDate "2021.12.18"]
[EventType "swiss (rapid)"]
[EventRounds "11"]
[EventCountry "POL"]
[SourceTitle "CBM 205 Extra"]
[Source "ChessBase"]
[SourceDate "2022.01.31"]
[SourceVersion "1"]
[SourceVersionDate "2022.01.31"]
[SourceQuality "1"]

1. d4 Nf6 2. Bg5 Ne4 3. Bf4 d5 4. e3 Bf5 5. Nd2 e6 6. Ngf3 c6 7. Nxe4 Bxe4 8. Bd3 Bxd3 9. Qxd3 Nd7 10. 0-0 Be7 11. c4 dxc4 12. Qxc4 0-0 13. Rfd1 h6 14. a3 Nf6 15. b4 a6 16. Rab1 Qd5 17. Qc2 Qe4 18. Rdc1 Rfd8 19. Ne5 Bd6 20. Qxe4 Nxe4 21. Nd3 Kf8 22. Bxd6+ Nxd6 23. Rc5 Ke7 24. f3 f6 25. Kf2 Nb5 26. a4 Nd6 27. Nb2 a5 28. bxa5 Ra7 29. e4 Rda8 30. Nc4 Nxc4 31. Rxc4 Kd7 32. Rb6 Kc7 33. Rcb4 Rb8 34. a6 Rxa6 35. Rxa6 bxa6 36. Rxb8 Kxb8 37. Ke3 Kc7 38. a5 Kd6 39. Kd3 c5 40. Kc4 cxd4 41. Kxd4 e5+ 42. Kc4 h5 43. g3 g6 44. Kb4 f5 45. Kc4 Kc6 46. h3 Kd6 47. Kb4 Kc6 1/2-1/2

[Event "POL-chT 2nd League"]
[Site "Sypniewo"]
[Date "2021.09.12"]
[Round "9.16"]
[White "Babiarz, Arkadiusz"]
[Black "Helis, Tadeusz"]
[Result "1-0"]
[WhiteElo "2000"]
[BlackElo "2095"]
[PlyCount "65"]
[EventDate "2021.09.04"]
[EventType "team-swiss"]
[EventRounds "9"]
[EventCountry "POL"]
[SourceTitle "CBM 204 Extra"]
[Source "ChessBase"]
[SourceDate "2021.11.30"]
[SourceVersion "1"]
[SourceVersionDate "2021.11.30"]
[SourceQuality "1"]
[WhiteTeam "Rzeszow RzKSz"]
[BlackTeam "Raciborz Silesia"]
[WhiteTeamCountry "POL"]
[BlackTeamCountry "POL"]

1. e4 c5 2. Nf3 e6 3. d4 cxd4 4. Nxd4 a6 5. Bd3 Ne7 6. 0-0 Nbc6 7. Nxc6 Nxc6 8. Be3 Be7 9. c4 0-0 10. Nc3 d6 11. Rc1 Ne5 12. Be2 Bd7 13. f4 Ng6 14. Qd2 Bc6 15. Rfd1 a5 16. a4 Bf6 17. Nb5 Bxe4 18. Nxd6 Bc6 19. b3 Nh4 20. Bf1 e5 21. Qf2 exf4 22. Bxf4 Qe7 23. Re1 Qd7 24. Bg3 Qg4 25. h3 Qg5 26. Kh2 Ng6 27. Nf5 h5 28. h4 Qg4 29. Be2 Ne5 30. Bxe5 Bxe5+ 31. g3 Qe4 32. Bxh5 Bxg3+ 33. Kxg3 1-0

[Event "POL-chT 2nd League"]
[Site "Sypniewo"]
[Date "2021.09.05"]
[Round "2.10"]
[White "Helis, Tadeusz"]
[Black "Kulesza, Mateusz"]
[Result "1/2-1/2"]
[WhiteElo "2095"]
[BlackElo "2255"]
[PlyCount "58"]
[EventDate "2021.09.04"]
[EventType "team-swiss"]
[EventRounds "9"]
[EventCountry "POL"]
[SourceTitle "CBM 204 Extra"]
[Source "ChessBase"]
[SourceDate "2021.11.30"]
[SourceVersion "1"]
[SourceVersionDate "2021.11.30"]
[SourceQuality "1"]
[WhiteTeam "Raciborz Silesia"]
[BlackTeam "Zakrzewo Korona"]
[WhiteTeamCountry "POL"]
[BlackTeamCountry "POL"]

1. Nf3 d5 2. c4 e6 3. g3 g6 4. Bg2 Bg7 5. 0-0 Nf6 6. d4 0-0 7. Nc3 Nbd7 8. Ne5 Nxe5 9. dxe5 Nd7 10. cxd5 Nxe5 11. dxe6 Bxe6 12. Bxb7 Rb8 13. Bd5 Qd6 14. Bxe6 Qxe6 15. Qd5 Nc4 16. Qxe6 fxe6 17. Na4 Rf5 18. Bf4 Rb4 19. Nc3 Rxb2 20. Rac1 e5 21. Nd5 Rf7 22. Bg5 Nd6 23. Ne7+ Kf8 24. Rxc7 Ne8 25. Rxa7 Bf6 26. Bxf6 Nxf6 27. Nc6 Rxa7 28. Nxa7 Rxa2 29. Nc6 Rxe2 1/2-1/2

[Event "Raciborz op 19th"]
[Site "Raciborz"]
[Date "2019.02.14"]
[Round "8"]
[White "Smal, Tobiasz"]
[Black "Helis, Tadeusz"]
[Result "0-1"]
[WhiteElo "2022"]
[BlackElo "2174"]
[PlyCount "42"]
[EventDate "2019.02.09"]
[EventType "swiss"]
[EventRounds "9"]
[EventCountry "POL"]
[SourceTitle "CBM 188 Extra"]
[Source "ChessBase"]
[SourceDate "2019.02.26"]
[SourceVersion "1"]
[SourceVersionDate "2019.02.26"]
[SourceQuality "1"]

1. e4 c5 2. Nf3 e6 3. d4 cxd4 4. Nxd4 a6 5. Bd3 Nc6 6. Nxc6 dxc6 7. 0-0 e5 8. Nc3 Nf6 9. Qe2 Bc5 10. Be3 Bg4 11. f3 Bxe3+ 12. Qxe3 Be6 13. f4 Ng4 14. Qg3 exf4 15. Qxf4 Qd4+ 16. Kh1 Qe5 17. g3 h5 18. h3 g5 19. Qf3 h4 20. hxg4 hxg3+ 21. Kg1 Qd4+ 0-1

[Event "POL-chT 2nd League"]
[Site "Jastrzebia Gora"]
[Date "2018.09.03"]
[Round "3.12"]
[White "Robak, Zbigniew"]
[Black "Helis, Tadeusz"]
[Result "1/2-1/2"]
[WhiteElo "2216"]
[BlackElo "2182"]
[PlyCount "131"]
[EventDate "2018.09.01"]
[EventType "team-swiss"]
[EventRounds "9"]
[EventCountry "POL"]
[SourceTitle "CBM 186 Extra"]
[Source "ChessBase"]
[SourceDate "2018.08.24"]
[SourceVersion "1"]
[SourceVersionDate "2018.08.24"]
[SourceQuality "1"]
[WhiteTeam "Znin Baszta"]
[BlackTeam "Czerwionka Leszczyny Skoczek"]
[WhiteTeamCountry "POL"]
[BlackTeamCountry "POL"]

1. e4 c5 2. Nf3 e6 3. d4 cxd4 4. Nxd4 a6 5. Nc3 Qc7 6. Bd3 Nc6 7. Be3 Nf6 8. 0-0 Ne5 9. h3 Bc5 10. Na4 Ba7 11. c4 d6 12. Rc1 0-0 13. b3 Nxd3 14. Qxd3 e5 15. Ne2 Bxe3 16. Qxe3 Be6 17. Rfd1 Rab8 18. Rd3 Nd7 19. c5 dxc5 20. Nxc5 Nxc5 21. Rxc5 Qe7 22. Rxe5 Rbd8 23. Nd4 Qd6 24. Rg5 g6 25. Rg3 Rfe8 26. Qd2 Qe5 27. Nxe6 Rxd3 28. Rxd3 Qxe6 29. f3 h5 30. Rd7 Re7 31. Rd8+ Re8 32. Rd7 Re7 33. Rd6 Qe5 34. Qd4 Qxd4+ 35. Rxd4 Rc7 36. Rb4 Kg7 37. h4 b5 38. a4 Rc5 39. Rd4 bxa4 40. Rxa4 a5 41. b4 axb4 42. Rxb4 Rc2 43. Rb6 Re2 44. Rd6 Kf8 45. Kf1 Ra2 46. Rd1 Ke7 47. Re1 Ke6 48. f4 Kf6 49. Re2 Ra1+ 50. Kf2 Rh1 51. g3 Ra1 52. Re3 Ke6 53. Rb3 Ke7 54. Ke3 Rd1 55. Rb7+ Kf6 56. e5+ Ke6 57. Rb6+ Ke7 58. Rf6 Re1+ 59. Kf2 Re4 60. Kf3 Re1 61. Kf2 Re4 62. g4 hxg4 63. Kg3 Re1 64. Kxg4 Rg1+ 65. Kf3 Rh1 66. Kg3 1/2-1/2

[Event "Jastrzebie Zdroj op"]
[Site "Jastrzebie Zdroj"]
[Date "2018.08.21"]
[Round "5"]
[White "Galuszka, Tomasz"]
[Black "Helis, Tadeusz"]
[Result "1/2-1/2"]
[WhiteElo "2022"]
[BlackElo "2166"]
[PlyCount "54"]
[EventDate "2018.08.18"]
[EventType "swiss"]
[EventRounds "9"]
[EventCountry "POL"]
[SourceTitle "CBM 186 Extra"]
[Source "ChessBase"]
[SourceDate "2018.08.24"]
[SourceVersion "1"]
[SourceVersionDate "2018.08.24"]
[SourceQuality "1"]

1. e4 c5 2. Nf3 e6 3. d3 Nc6 4. g3 Nf6 5. Bg2 d5 6. Nbd2 Be7 7. 0-0 0-0 8. Re1 dxe4 9. dxe4 e5 10. c3 Be6 11. Qe2 Qc7 12. Nf1 Rfd8 13. Bg5 Rd7 14. Bxf6 Bxf6 15. N3d2 Rad8 16. Nc4 h6 17. Nce3 Ne7 18. h4 g6 19. h5 Bg5 20. hxg6 fxg6 21. Nd5 Nxd5 22. exd5 Bxd5 23. Qxe5 Qxe5 24. Rxe5 Bf6 25. Rxd5 Rxd5 26. Bxd5+ Rxd5 27. Re1 Kf7 1/2-1/2

[Event "Jastrzebie Zdroj op"]
[Site "Jastrzebie Zdroj"]
[Date "2018.08.18"]
[Round "1"]
[White "Helis, Tadeusz"]
[Black "Szymanski, Wojciech"]
[Result "1-0"]
[WhiteElo "2166"]
[BlackElo "1469"]
[PlyCount "47"]
[EventDate "2018.08.18"]
[EventType "swiss"]
[EventRounds "9"]
[EventCountry "POL"]
[SourceTitle "CBM 186 Extra"]
[Source "ChessBase"]
[SourceDate "2018.08.24"]
[SourceVersion "1"]
[SourceVersionDate "2018.08.24"]
[SourceQuality "1"]

1. d4 d5 2. Nf3 Nf6 3. Bg5 e6 4. e3 c5 5. c3 Nc6 6. Nbd2 Be7 7. Bd3 Qc7 8. 0-0 e5 9. Nxe5 Nxe5 10. dxe5 Qxe5 11. Bb5+ Bd7 12. Bxd7+ Nxd7 13. Nf3 Qe6 14. Bxe7 Kxe7 15. e4 Rhe8 16. exd5 Qf6 17. Qa4 Kd6 18. c4 Re2 19. b4 a6 20. Rab1 Rb2 21. bxc5+ Nxc5 22. Qa3 Rxb1 23. Rxb1 Rb8 24. Rb6+ 1-0

[Event "POL-chT 2nd League"]
[Site "Szklarska Poreba"]
[Date "2017.09.08"]
[Round "7.9"]
[White "Zgadzaj, Rafal"]
[Black "Helis, Tadeusz"]
[Result "1-0"]
[WhiteElo "2099"]
[BlackElo "2233"]
[PlyCount "115"]
[EventDate "2017.09.02"]
[EventType "team-swiss"]
[EventRounds "9"]
[EventCountry "POL"]
[SourceTitle "CBM 180 Extra"]
[Source "ChessBase"]
[SourceDate "2017.10.06"]
[SourceVersion "1"]
[SourceVersionDate "2017.10.06"]
[SourceQuality "1"]
[WhiteTeam "Chroscice Victoria"]
[BlackTeam "Czerwionka Leszczyny Skoczek"]
[WhiteTeamCountry "POL"]
[BlackTeamCountry "POL"]

1. Nf3 Nf6 2. g3 g6 3. b3 Bg7 4. Bb2 0-0 5. d4 d5 6. Bg2 c5 7. 0-0 cxd4 8. Nbd2 Re8 9. Bxd4 Nc6 10. Bb2 e5 11. e3 e4 12. Nd4 Ne5 13. h3 h5 14. a4 a6 15. Qe2 Bd7 16. Ba3 Nh7 17. c4 Ng5 18. cxd5 Bxh3 19. Bxh3 Nxh3+ 20. Kg2 Ng5 21. Nc4 Nef3 22. Rad1 Bxd4 23. exd4 Qxd5 24. Qe3 f6 25. Rh1 Rad8 26. a5 Kg7 27. Bc5 Re6 28. Nb6 Rxb6 29. Bxb6 Rc8 30. Rc1 Rxc1 31. Rxc1 Qe6 32. Rh1 Qg4 33. Qf4 Qxf4 34. gxf4 Ne6 35. Rd1 Nxf4+ 36. Kh1 Nd5 37. Rc1 Kf7 38. Rc8 g5 39. Rb8 g4 40. Rxb7+ Ke6 41. Bc5 h4 42. Rb8 Kf7 43. Rf8+ Kg7 44. Re8 f5 45. Bd6 Kf7 46. Rf8+ Ke6 47. Be5 e3 48. fxe3 Nxe3 49. Rf6+ Ke7 50. Rxa6 g3 51. Rg6 Ng4 52. Kg2 Ne1+ 53. Kg1 Nf3+ 54. Kg2 Ne1+ 55. Kh3 Nxe5 56. dxe5 f4 57. Kxh4 f3 58. Kxg3 1-0

[Event "POL-chT 2nd League"]
[Site "Szklarska Poreba"]
[Date "2017.09.03"]
[Round "2.5"]
[White "Czerw, Dawid"]
[Black "Helis, Tadeusz"]
[Result "1-0"]
[WhiteElo "2260"]
[BlackElo "2233"]
[PlyCount "75"]
[EventDate "2017.09.02"]
[EventType "team-swiss"]
[EventRounds "9"]
[EventCountry "POL"]
[SourceTitle "CBM 180 Extra"]
[Source "ChessBase"]
[SourceDate "2017.10.06"]
[SourceVersion "1"]
[SourceVersionDate "2017.10.06"]
[SourceQuality "1"]
[WhiteTeam "Jastrzebie Zdroj Pionier"]
[BlackTeam "Czerwionka Leszczyny Skoczek"]
[WhiteTeamCountry "POL"]
[BlackTeamCountry "POL"]

1. d4 d5 2. c4 c6 3. Nc3 Nf6 4. Nf3 g6 5. cxd5 cxd5 6. Bf4 Bg7 7. e3 0-0 8. h3 Nc6 9. Bd3 b6 10. 0-0 Nb4 11. Be2 Ba6 12. Bxa6 Nxa6 13. Qa4 Nc7 14. Rac1 Ne6 15. Be5 Ne4 16. Bh2 Nxc3 17. Rxc3 a6 18. Qc6 b5 19. Ra3 Qc8 20. Qxd5 Rd8 21. Qb3 Qc6 22. Qb4 Rd7 23. Rc3 Qd5 24. Qb3 Qb7 25. Rfc1 h6 26. Be5 Bf8 27. Bg3 Bg7 28. Rc6 Kh7 29. h4 Ra7 30. h5 Nd8 31. hxg6+ fxg6 32. Rc8 Qd5 33. Qxd5 Rxd5 34. R1c7 Rxc7 35. Rxc7 Bf8 36. e4 Rh5 37. Rc8 Ne6 38. d5 1-0

[Event "POL-chT 2nd League"]
[Site "Jastrzebia Gora"]
[Date "2016.09.03"]
[Round "1.91"]
[White "Helis, Tadeusz"]
[Black "Banach, Szymon"]
[Result "1-0"]
[WhiteElo "2241"]
[BlackElo "1996"]
[PlyCount "73"]
[EventDate "2016.09.03"]
[EventType "team-swiss"]
[EventRounds "9"]
[EventCountry "POL"]
[SourceTitle "EXT 2017"]
[Source "ChessBase"]
[SourceDate "2016.10.25"]
[SourceVersion "1"]
[SourceVersionDate "2016.10.25"]
[SourceQuality "1"]
[WhiteTeam "Czerwionka Leszczyny Skoczek"]
[BlackTeam "Gniezno LKS Chrobry II"]
[WhiteTeamCountry "POL"]
[BlackTeamCountry "POL"]

1. c4 Nf6 2. Nc3 g6 3. g3 Bg7 4. Bg2 0-0 5. e4 d6 6. Nge2 e5 7. d3 Be6 8. 0-0 Qc8 9. f4 Nc6 10. Nd5 Bg4 11. Ne3 Bxe2 12. Qxe2 Nd4 13. Qd1 c6 14. f5 g5 15. Ng4 Nxg4 16. Qxg4 f6 17. Bd2 c5 18. Rab1 a5 19. b3 b6 20. Bc3 Nc6 21. h4 h6 22. Bf3 Ra7 23. Kg2 Qe8 24. a4 Rc7 25. Rh1 Ra7 26. Rh2 Nd8 27. Rbh1 Qe7 28. Bd2 Nf7 29. Qh3 Rc7 30. Bh5 Ra7 31. Bxf7+ Rxf7 32. Qg4 Rf8 33. hxg5 fxg5 34. Rxh6 Bxh6 35. Rxh6 Qe8 36. Bxg5 Rg7 37. Qh4 1-0

[Event "POL-chT 2nd League"]
[Site "Jastrzebia Gora"]
[Date "2015.09.09"]
[Round "5.14"]
[White "Grabarczyk, Miroslaw"]
[Black "Helis, Tadeusz"]
[Result "1-0"]
[WhiteElo "2442"]
[BlackElo "2228"]
[PlyCount "105"]
[EventDate "2015.09.05"]
[EventType "team-swiss"]
[EventRounds "9"]
[EventCountry "POL"]
[SourceTitle "EXT 2017"]
[Source "ChessBase"]
[SourceDate "2016.10.25"]
[SourceVersion "1"]
[SourceVersionDate "2016.10.25"]
[SourceQuality "1"]
[WhiteTeam "Znin Baszta II"]
[BlackTeam "Czerwionka Leszczyny Skoczek"]
[WhiteTeamCountry "POL"]
[BlackTeamCountry "POL"]

1. d4 Nf6 2. c4 g6 3. Nf3 Bg7 4. g3 d6 5. Bg2 0-0 6. Nc3 Nbd7 7. 0-0 e5 8. e4 exd4 9. Nxd4 Re8 10. h3 Nc5 11. Re1 a5 12. b3 Nfd7 13. Be3 Ne5 14. Qc2 Bd7 15. Rad1 Qc8 16. Kh2 f6 17. f4 Nf7 18. a3 c6 19. b4 axb4 20. axb4 Na6 21. Qb2 Nc7 22. c5 dxc5 23. bxc5 Ne6 24. Nb3 Nf8 25. Nd4 Ne6 26. Nb3 Nf8 27. Ra1 Qc7 28. Qc2 Be6 29. Nd4 Bd7 30. Ra4 Ne6 31. Nxe6 Bxe6 32. Rb1 Rxa4 33. Nxa4 Ra8 34. Bd4 Rd8 35. Qc3 Qe7 36. Nb6 h5 37. Re1 h4 38. Nd5 hxg3+ 39. Qxg3 cxd5 40. exd5 Nh8 41. Rxe6 Qf7 42. Qe3 f5 43. d6 Bxd4 44. Qxd4 Qxe6 45. Bd5 Qf7 46. Qe5 Rf8 47. Bxf7+ Nxf7 48. Qf6 Re8 49. Qxg6+ Kf8 50. Qxf5 Re2+ 51. Kg3 Rb2 52. Qd5 Rh2 53. Kxh2 1-0